Betón 2013 zborník príspevkov : celoštátna konferencia s medzinárodnou účasťou : [10. ročník ...] : 02. 10.-04. 10. 2013 Štrbské Pleso, hotel Patria

Podrobná bibliografia
Korporatívny autor: Betón Štrbské Pleso, Slovensko
Médium: Konferenčný príspevok Kniha
Jazyk:slovenčina
čeština
angličtina
Fyzický popis:201 s. fotogr., grafy, sch., tab. 21 cm
Vydavateľské údaje: Bratislava Slovenská asociácia výrobcov transportbetónu 2013
ISBN:9788097021092 (brož.)
Predmet:

MARC

LEADER 00000nam a2200000 a 4500
001 vtls010555581
003 SK-MaSNL
005 20260301133459.0
008 160610s2013 xo oda f n 100 0 slo
015 |a SNBA2013/11 
020 |a 9788097021092 (brož.) 
035 |a D85F67F4-49CF-442E-A114-2A91B496C195 
035 |a urn:nbn:sk:snk-aml63q 
035 |a urn:nbn:sk:snk-am008uzj 
040 |a SNK  |b slo  |c SNK  |e AACR2 
041 0 |a slo  |a cze  |a eng 
044 |a xo  |c SK 
072 7 |a 666  |x Sklárstvo. Keramika. Cement  |2 konspekt 
080 |a 666.972/974  |2 2001 
080 |a 338.3  |2 2001 
080 |a 613.6  |2 2001 
080 |a (062.534)  |2 2001 
111 2 |a Betón  |d (2013 :  |c Štrbské Pleso, Slovensko)  |9 159170 
245 1 0 |a Betón 2013  |b zborník príspevkov : celoštátna konferencia s medzinárodnou účasťou : [10. ročník ...] : 02. 10.-04. 10. 2013 Štrbské Pleso, hotel Patria  |c [autori: kolektív] 
260 |a Bratislava  |b Slovenská asociácia výrobcov transportbetónu  |c 2013 
300 |a 201 s.  |b fotogr., grafy, sch., tab.  |c 21 cm 
366 |e 150 výt. 
504 |a Bibliogr. odkazy 
546 |a Text aj v češ. a angl. 
650 0 7 |a betón  |2 SNKPH  |9 1685 
650 0 7 |a Concrete  |2 SNKPHeng  |9 302547 
650 0 7 |a Production  |2 SNKPHeng  |9 267417 
650 0 7 |a výroba  |2 SNKPH  |9 15916 
650 0 7 |a hygiena práce  |2 SNKPH  |9 1298 
650 0 7 |a Industrial hygiene  |2 SNKPHeng  |9 316540 
655 7 |a zborníky konferencií  |2 SNKPH  |9 70153 
655 7 |a Proceedings of conferences  |2 SNKPHeng  |9 265791 
919 |a 978-80-970210-9-2 
958 |a NB 
999 |c 753838  |d 755768 
952 |a SNK  |b SNK  |y PREZ  |7 0  |p 17A1091772  |o snkSC 156729  |i snk2013/26644  |8 0  |0 0  |1 0  |4 0  |d 2013-11-04  |f 1  |l 0  |r 2025-08-19 00:00:00  |w 2026-02-23 
952 |a SNK  |b SNK  |y VYP  |7 0  |p 17A1091773  |o snkSC 156729 D1  |i snk2013/26645  |8 0  |0 0  |1 0  |4 0  |d 2013-11-04  |l 0  |r 2026-02-23 23:40:43  |w 2026-02-23